000 00748nam a2200241 a 4500
001 000032837
003 OSt
005 20251107110523.0
008 110727s1961 dr r 000 0 spa d
040 _aDO-SdBNP
_bspa
_cBNPHU
082 _a028.9
_bH694d, 1961
100 1 _aHoepelman, Virgilio
_911257
245 1 0 _aDe libro en libro /
_cVirgilio Hoepelman.
260 _aCiudad Trujillo, República Dominicana :
_bImprenta Benemérita,
_c1961.
300 _a78 p. ;
_c22 cm.
500 _aAño 2, número 4
590 _aInventariado, 2018/ YL
650 0 _aPromoción de la lectura
_97321
650 0 _aLibros y lectura
_91512
650 4 _aLiteratura
_xColecciones
_940253
910 _aValidado. Control de calidad. EMS
942 _2ddc
_cLF1
999 _c32328
_d32328